| 000 | 01906nam0a2200325 4500 | ||
|---|---|---|---|
| 001 | RU\NLR\bibl\1201057 | ||
| 005 | 20260405154833.0 | ||
| 010 |
_a978-5-7307-0576-X _9300 |
||
| 021 |
_aRU _b2008-3084 _9163 |
||
| 035 | _a(NLR Aleph) 001187558 | ||
| 090 |
_a1696661 _c1696661 |
||
| 100 | _a20080314d2007 |||y0rusy50 ca | ||
| 101 | 0 | _arus | |
| 102 | _aRU | ||
| 105 | _aa ||||||||| | ||
| 200 | 1 |
_aЭкономика отрасли _eучебное пособие _e[для студентов специальности 080502.65 "Экономика и управление на предприятии. Предпринимательская производственная деятельность"] _fВ.Я. Поздняков, С.В. Казаков _gФедер. агентство по образованию, ГОУ ВПО "Рос. экон. акад. им. Г.В. Плеханова" |
|
| 210 |
_aМосква _cИзд-во Российской экономической академии _d2007 |
||
| 215 |
_a207 с. _cил. _d20 |
||
| 300 | _aНа обл. и тит. л. 1-й авт.: В.Я. Поздняков, в вып. дан. Михаил Яковлевич Поздняков | ||
| 320 | _aБиблиогр.: с. 206-207 и в подстроч. прим. | ||
| 606 | 1 |
_aПромышленность _jУчебные издания для высших учебных заведений _xОтраслевая структура _yРоссийская Федерация _92379792 _3RU\NLR\auth\661419949 |
|
| 686 | _aУ30(2)-312(2Р)я73 | ||
| 700 | 1 |
_4070 _7ca _8rus _aПоздняков _bВ. Я. _gВладимир Яковлевич _948658 _3RU\NLR\auth\7765729 |
|
| 701 | 1 |
_aКазаков _bС. В. _gСергей Витальевич _4070 |
|
| 801 | 0 |
_aRU _bNLR _c20080314 _gRCR |
|
| 801 | 1 |
_aRU _bNLR _c20080314 |
|
| 830 | _aАвт. по кн. | ||
| 942 | _cBOOK | ||
| 980 | _aNB | ||